Quick Pick: '50s TV Shows Quiz Stats

 Plays Quiz Updated Dec 6, 2016

Support Sporcle.
Go Orange.
Score 0/10 Timer 01:00
0 Plays Today
% Correct
The Adventures of Robin Hood
95.1%
Adventures of Superman
94.7%
I Love Lucy
89.5%
Leave It to Beaver
87.5%
Dennis the Menace
85%
The Honeymooners
83.4%
Dragnet
83.1%
Gunsmoke
78.2%
Bonanza
75.8%
Rawhide
70.6%

Today's Daily Dose

You're not logged in!

Compare scores with friends on all Sporcle quizzes.
OR
Log In

From the Vault

Find the 'Right' Answer

by BeerHound

Two wrong answers will, in fact, not make a right one.
Remove Ads.
Support Sporcle.
Get the best of Sporcle when you Go Orange. This ad-free experience offers more features, more stats, and more fun while also helping to support Sporcle. Thank you for becoming a member.

Show Comments

Extras

Top Quizzes Today


Score Distribution

Your Account Isn't Verified!

In order to create a playlist on Sporcle, you need to verify the email address you used during registration. Go to your Sporcle Settings to finish the process.

Report this User

Report this user for behavior that violates our Community Guidelines.

Details: